Zelené spôsobilosti – Teoretické východiská a súčasné prístupy

Zelené spôsobilosti sa v súčasnosti čoraz častejšie považujú za kľúčový predpoklad pre zvládanie environmentálnych výziev a podporu udržateľnej transformácie ekonomiky. V reakcii na meniace sa požiadavky trhu práce a záväzky v oblasti ESG vznikajú viaceré rámce, ktoré sa pokúšajú definovať ich obsah...

Celý popis

Uložené v:
Podrobná bibliografia
Hlavný autor: Olexová, Cecília, 1976-
Médium: Kapitola
Jazyk:Slovak
Predmet:
Tagy: Pridať tag
Žiadne tagy, Buďte prvý, kto otaguje tento záznam!

MARC

LEADER 00000naa$a2200000$$$4500
001 0312749
005 20251015075843.1
041 0 |a slo 
044 |a SK 
245 1 0 |a Zelené spôsobilosti – Teoretické východiská a súčasné prístupy  |c Cecília Olexová 
520 |a Zelené spôsobilosti sa v súčasnosti čoraz častejšie považujú za kľúčový predpoklad pre zvládanie environmentálnych výziev a podporu udržateľnej transformácie ekonomiky. V reakcii na meniace sa požiadavky trhu práce a záväzky v oblasti ESG vznikajú viaceré rámce, ktoré sa pokúšajú definovať ich obsah, rozsah a vzťah k ostatným kompetenciám. Napriek množstvu iniciatív však chýba jednotné ukotvenie tohto pojmu. 
610 2 0 |a environmentalistika 
610 2 0 |a ekonomika zelená 
610 2 0 |a myslenie ekologické 
610 2 0 |a inteligencia umelá 
610 2 0 |a vzdelanie 
100 1 |a Olexová, Cecília, 1976-